01805nam a2200325 a 450000100100000000500170001000800410002704000250006808200180009311000870011124501880019826000960038630000390048249000260052150400560054759000250060365000740062865000710070265000690077365000390084265000320088165100780091370000320099183000330102391000370105695201310109395201160122495201220134099900170146200003841720201002031245.0130411s2002 dr ad 001 0 spa d aDO-SdBNPbspacBNPHU a338.16bP964p2 aPrograma Iberomericano de Ciencia y Tecnología para el Desarrollo (CYTED)96475310aProducción simultánea de dextrano y fructosa a partir de desechos agroindustriales en Iberoamérica :baspectos científicos, técnicos y económicos /ceditora Mary Lopretti. aSanto Domingo :bCYTED :bInstituto Dominicano de Tecnología Industrial (INDOTEC),c2002. a303 p. :bil., gráfcs. ;c29 cm.1 aCYTED. Proyecto IVv7 aIncluye bibliografía y notas al pie de páginas. aInventariado,2018/DG 4aIndustrias agropecuariasxProductos derivadosxInvestigaciones964754 4aIndustria frutícolaxProductos derivadosxInvestigaciones964755 4aIndustria azucareraxProductos derivadosxInvestigaciones964756 4aAprovechamiento de residuos934025 4aProducto de residuos964757 4aAmérica LatinaxIndustriasxProductos DerivadosxInvestigaciones9647581 aLopretti, Mary,eed.964759 0aCYTED. Proyecto IVn7964760 aValidado. Control de calidad EMS 001054708DSaGRbGRcHDd2013-07-15iLF1l0o338.16 P964pp38417-30r2020-06-25te. 3w2020-06-25yLFDSZPréstamo en sala 0010718PDaPDbPDcHDd2013-04-11iLF1l0o338.16 P964pp38417-10r2020-06-25w2020-06-25yLFPDZNo se presta 0010718PDaPDbPDcHDd2013-04-12iLF1l0o338.16 P964pp38417-20r2020-06-25te. 2w2020-06-25yLFPDZNo se presta c37907d37907